| 000 | 00542nam a22001817a 4500 | ||
|---|---|---|---|
| 003 | 0 | ||
| 005 | 20231128084341.0 | ||
| 008 | 231128b xxu||||| |||| 00| 0 eng d | ||
| 020 | _a978-1-4063-4457-8 | ||
| 050 |
_aTR _bMai231 2020 |
||
| 082 |
_aTR _bMai231 2020 |
||
| 100 | _aCousins, Lucy | ||
| 245 |
_aMaisy goes to hospital _cLucy Cousins |
||
| 260 |
_aLondon _bUsborne Publishing, Ltd. _cc2020. |
||
| 300 |
_aunnumbered pages : _bcolored illustrations ; _c21 cm. |
||
| 650 | _aChildren's stories--study and teaching. | ||
| 942 |
_2lcc _cBK |
||
| 999 |
_c365673 _d365673 |
||